The Countries with A Full Democracy - Statistics

General Stats
  • This quiz has been taken 29 times
  • The average score is 20 of 25
Answer Stats
Hint Answer % Correct
9.32 Switzerland
96%
8.85 Australia
93%
8.28 Austria
93%
8.69 Canada
93%
9.30 Finland
93%
9.81 Norway
93%
9.39 Sweden
93%
8.34 United Kingdom
93%
8.73 Germany
89%
9.61 New Zealand
89%
8.13 Spain
89%
9.28 Denmark
86%
8.13 Estonia
86%
9.38 Iceland
86%
9.19 Ireland
86%
8.48 Japan
86%
9.00 Netherlands
86%
8.88 Luxembourg
82%
8.08 Czechia
79%
8.07 Greece
79%
8.08 Portugal
79%
8.78 Taiwan
57%
8.29 Costa Rica
54%
8.67 Uruguay
39%
8.23 Mauritius
29%
No matching quizzes found
Score Distribution
Percent of People with Each Score
Percentile by Number Answered
Your Score History
You have not taken this quiz